Govt. of
Madhya Pradesh

भारत 2020 और उसके बाद आनेवाले कल की तस्‍वीर (Record no. 61829)

MARC details
000 -LEADER
fixed length control field 00636nam a22001577a 4500
003 - CONTROL NUMBER IDENTIFIER
control field macl
005 - DATE AND TIME OF LATEST TRANSACTION
control field 20200118124700.0
008 - FIXED-LENGTH DATA ELEMENTS--GENERAL INFORMATION
fixed length control field 200118b xxu||||| |||| 00| 0 eng d
040 ## - CATALOGING SOURCE
Transcribing agency macl
082 ## - DEWEY DECIMAL CLASSIFICATION NUMBER
Classification number 920/KAL
100 ## - MAIN ENTRY--PERSONAL NAME
Personal name डॉ ए. पी. जे . अब्‍दुल कलाम
9 (RLIN) 50043
245 ## - TITLE STATEMENT
Title भारत 2020 और उसके बाद आनेवाले कल की तस्‍वीर
Remainder of title ( Best seller Beyond 2020 का हिन्‍दी अनुवाद)
260 ## - PUBLICATION, DISTRIBUTION, ETC. (IMPRINT)
Place of publication, distribution, etc. दिल्‍ली
Name of publisher, distributor, etc. प्रभात प्रकाशन
Date of publication, distribution, etc. 2017
650 ## - SUBJECT ADDED ENTRY--TOPICAL TERM
Topical term or geographic name as entry element जीवनी
9 (RLIN) 7943
942 ## - ADDED ENTRY ELEMENTS (KOHA)
Source of classification or shelving scheme
Koha item type Hindi Books
Holdings
Withdrawn status Lost status Source of classification or shelving scheme Damaged status Not for loan Home library Current library Date acquired Cost, normal purchase price Total Checkouts Full call number Barcode Date last seen Date last checked out Price effective from Koha item type
          MACL MACL 18/01/2020 300.00 1 920/KAL CRH038001 23/02/2020 06/02/2020 18/01/2020 Hindi Books